000 00966nam a2200241Ia 4500
003 IN-BaIIA
008 211028s9999 xx 000 0 eng d
020 _a0-7923-0907-3
040 _cIIA Library
080 _a524.382(082.2)
_bACT
111 _aNATO advanced study institute Conference
_cTurkey
_d1989 Sept. 11-22
_917274
245 0 _aActive close binaries
_bproceedings of the NATO advanced study institute held in Kusadasi, Turkey, 11-22 Sept 1989
_cedited by Cafer Ibanoglu
260 _aDordrecht
_bKluwer Academic
_c1990
300 _axvi, 913p.
490 _aNATO advanced institute series. Series C : mathematical and physical sciences; v. 319
650 _aAccretion disks
_98621
650 _aAstronomy and astrophysics thesaurus
650 _aBinary stars
_91185
650 _aClose binary stars
_93592
700 _aIbanoglu, Cafer, ed.
_917275
710 _aNATO advanced study institute
_95368
942 _cBK
999 _c10182
_d10182